Enfermedades del tiroides / (Record no. 101465)

MARC details
000 -LEADER
campo de control de longitud fija 00705nam a2200217 i 4500
001 - NÚMERO DE CONTROL
campo de control 101465
003 - IDENTIFICADOR DE NÚMERO DE CONTROL
campo de control ES-MaACL
005 - FECHA Y HORA DE LA ÚLTIMA TRANSACCIÓN
campo de control 20230906182921.0
007 - CAMPO FIJO DE DESCRIPCIÓN FÍSICA--INFORMACIÓN GENERAL
campo de control de longitud fija t|
008 - DATOS DE LONGITUD FIJA--INFORMACIÓN GENERAL
campo de control de longitud fija 051019s1966 sp ||||1| spa d
100 1# - ENTRADA PRINCIPAL--NOMBRE DE PERSONA
Nombre de persona Means, James Howard.
9 (RLIN) 79636
245 10 - MENCIÓN DEL TÍTULO
Título Enfermedades del tiroides /
Mención de responsabilidad, etc. por James Howard Means, Leslie J. De Groot, John B. Stanbury; versión... Jorge Mota Revellat.
250 ## - MENCION DE EDICION
Mención de edición [1ª ed.].
260 ## - PUBLICACIÓN, DISTRIBUCIÓN, ETC.
Lugar de publicación, distribución, etc. Barcelona :
Nombre del editor, distribuidor, etc. [s.n.],
Fecha de publicación, distribución, etc. 1966.
300 ## - DESCRIPCIÓN FÍSICA
Extensión X, 620 p. :
Otras características físicas il. ;
Dimensiones 24 cm.
650 #4 - PUNTO DE ACCESO ADICIONAL DE MATERIA--TÉRMINO DE MATERIA
Término de materia o nombre geográfico como elemento de entrada Tiroides.
9 (RLIN) 136932
700 1# - ENTRADA AGREGADA--NOMBRE PERSONAL
Nombre de persona De Groot, Leslie J.
9 (RLIN) 43053
700 1# - ENTRADA AGREGADA--NOMBRE PERSONAL
Nombre de persona Stanbury, John B.
9 (RLIN) 107887
700 1# - ENTRADA AGREGADA--NOMBRE PERSONAL
Nombre de persona Mota Revellat, Jorge.
9 (RLIN) 83821
852 ## - LOCALIZACIÓN
Ubicación ES-MaACL
Número de control de estantería C-30214
Sublocalización o colección R.60617
Holdings
Estatus retirado Estado de pérdida Estado de daño No para préstamo Biblioteca de origen Biblioteca actual Ubicación en estantería Fecha de adquisición Fuente de adquisición Total de préstamos Signatura topográfica completa Código de barras Visto por última vez Precio de reemplazo Tipo de ítem Koha
        Biblioteca del Ateneo de Madrid Biblioteca del Ateneo de Madrid Depósito 2 17/01/2008     C-30214 1105932 23/02/2023 23/02/2023 Libro impreso